Catálogo

La Sede del Senado de la República / (Registro nro. 47699)

Detalles MARC
000 -LEADER
fixed length control field 01060cam a2200289 i 4500
001 - CONTROL NUMBER
control field 47699
003 - CONTROL NUMBER IDENTIFIER
control field Mx-PuUPA
005 - DATE AND TIME OF LATEST TRANSACTION
control field 20230502100925.0
008 - FIXED-LENGTH DATA ELEMENTS--GENERAL INFORMATION
fixed length control field 140415s2006 mx a gr 000 0 spa d
040 ## - CATALOGING SOURCE
Original cataloging agency Mx-PuUPA
Language of cataloging spa
Transcribing agency Mx-PuUPA
Modifying agency Mx-PuUPA
Description conventions rda
041 0# - LANGUAGE CODE
Language code of text/sound track or separate title spa
-- eng
110 1# - MAIN ENTRY--CORPORATE NAME
9 (RLIN) 14131
Corporate name or jurisdiction name as entry element México.
Subordinate unit Congreso.
-- Cámara de Senadores.
-- LX Legislatura,
Date of meeting or treaty signing 2006-2009.
Relator term autor
245 13 - TITLE STATEMENT
Title La Sede del Senado de la República /
Statement of responsibility, etc. Senado de la República LX Legislatura ; traducción, Lucille Palau Martínez
246 37 - VARYING FORM OF TITLE
Title proper/short title Estado Unidos Mexicanos
264 #1 - PRODUCTION, PUBLICATION, DISTRIBUTION, MANUFACTURE, AND COPYRIGHT NOTICE
Place of production, publication, distribution, manufacture [México] :
Name of producer, publisher, distributor, manufacturer Senado de la República,
Date of production, publication, distribution, manufacture, or copyright notice [2006]
300 ## - PHYSICAL DESCRIPTION
Extent 134 páginas :
Other physical details ilustraciones ;
Dimensions 29 cm
336 ## - CONTENT TYPE
Fuente rdacontent
Content type term texto
Content type code txt
336 ## - CONTENT TYPE
Fuente rdacontent
Content type term imagen fija
Content type code sti
337 ## - MEDIA TYPE
Source rdamedia
Media type term sin medio
Media type code n
338 ## - CARRIER TYPE
Source rdacarrier
Carrier type term volumen
Carrier type code nc
650 #7 - SUBJECT ADDED ENTRY--TOPICAL TERM
Topical term or geographic name entry element Edificios gubernamentales
Source of heading or term armarc
651 #4 - SUBJECT ADDED ENTRY--GEOGRAPHIC NAME
Geographic name México
General subdivision Historia
700 #1 - ADDED ENTRY--PERSONAL NAME
Personal name Martínez, Lucille Palau,
Relator term traductor
942 ## - ADDED ENTRY ELEMENTS (KOHA)
Source of classification or shelving scheme Dewey Decimal Classification
Classification part 972
Koha item type Libro
Item part S447
Existencias
Withdrawn status Lost status Source of classification or shelving scheme Damaged status Not for loan Collection code Home library Current library Shelving location Date acquired Source of acquisition Total Checkouts Full call number Barcode Date last seen Price effective from Koha item type
    Dewey Decimal Classification     General Biblioteca Karol Wojtyla Biblioteca Karol Wojtyla Sala general 03/12/2013 Compra   972 S447 2006 71470 05/01/2026 03/12/2013 Libro